La vida en corto : un montón de cortas historias : Caso terminal, Estamos por todos lados, Clasificados, Intolerante, Julieta, Música ambulancia, Modelo Siqueiros, Vecinos /

সংরক্ষণ করুন:
গ্রন্থ-পঞ্জীর বিবরন
অন্যান্য লেখক: García Castellanos, Mauricio (realización) (realización), Pérez Suinaga, Sofía (realización) (realización), Audiffred, Víctor (realización) (realización), Rogero, Hafid (realización) (realización), Caballero Carreto, Raúl Antonio (realización) (realización), Markovitch, Paula (realización) (realización), Rodríguez, Mariana (realización) (realización), Aparicio, Jaime (realización) (realización), Martínez, Mario Iván (actuación) (actuación), Carrera, Graciela (actuación) (actuación), Sánchez Parra, Gustavo (actuación) (actuación)
বিন্যাস: স্লাইড্
ভাষা:স্প্যানিশ
বিষয়গুলি:
ট্যাগগুলো: ট্যাগ যুক্ত করুন
কোনো ট্যাগ নেই, প্রথমজন হিসাবে ট্যাগ করুন!

MARC

LEADER 00000ngm^a2200000^a^4500
001 000326353
005 20250521000000.0
009 20260310113805.375
020 |a 968-5042-44-6 
037 |a Acervo ITESO - Biblioteca 
041 |a ESP 
082 |a 860.  |b VID V. 2 
240 1 4 |a [La vida en corto: cortometrajes] 
240 1 4 |a [La vida en corto: un montón de cortas historias] 
245 0 3 |a La vida en corto :  |b un montón de cortas historias : Caso terminal, Estamos por todos lados, Clasificados, Intolerante, Julieta, Música ambulancia, Modelo Siqueiros, Vecinos /  |c Realización de M. García Castellanos. 
264 2 |a México :  |b Cinema Films [distribución],  |c 2010, c2010 
300 |a 1 DVD regiones 1 y 4  |c (74 min.) 
336 |a imagen móvil bidimensional  |b tdi  |2 rdacontenido 
337 |a video  |b v  |2 rdamedio 
338 |a videodisco  |b vd  |2 rdasoporte 
649 |a XX 
650 |a Pintores Mexicanos 
650 |a Cortometrajes y Mediometrajes Mexicanos 
650 |a Dramas Cinematográficos 
650 |a Cine de Mujeres -  |z México 
650 |a Cine Mexicano -  |y 2000-2009 
650 |a Cine Mexicano -  |y Siglo XXI 
650 |a Medicina 
650 |a Responsabilidad 
650 |a Seguridad Pública 
650 |a Amistad 
650 |a Cáncer 
650 |a Enfermedades 
650 |a Relaciones de Pareja 
650 |a Pintura Mural -  |z México -  |x Historia y Crítica 
650 |a Pintura Mexicana -  |x Historia y Crítica 
650 |a Siqueiros 
740 0 |a Caso terminal /  |c Realización de M. García Castellanos. 
740 0 |a Estamos por todos lados /  |c Realización de S. Pérez Suinaga. 
740 0 |a Clasificados /  |c Realización de V. Audiffred. 
740 0 |a Intolerante /  |c Realización de H. Rogero. 
740 0 |a Julieta /  |c Realización de R.A. Caballero Carreto. 
740 0 |a Música ambulancia /  |c Realización de P. Markovitch. 
740 0 |a Modelo Siqueiros /  |c Realización de M. Rodríguez. 
740 0 |a Vecinos /  |c Realización de J. Aparicio. 
700 |a García Castellanos, Mauricio  |e (realización) 
700 |a Pérez Suinaga, Sofía  |e (realización) 
700 |a Audiffred, Víctor  |e (realización) 
700 |a Rogero, Hafid  |e (realización) 
700 |a Caballero Carreto, Raúl Antonio  |e (realización) 
700 |a Markovitch, Paula  |e (realización) 
700 |a Rodríguez, Mariana  |e (realización) 
700 |a Aparicio, Jaime  |e (realización) 
700 |a Martínez, Mario Iván  |e (actuación) 
700 |a Carrera, Graciela  |e (actuación) 
700 |a Sánchez Parra, Gustavo  |e (actuación) 
910 |a Fondo General 
920 |a Audiovisuales - DVDs 
940 |a Películas 
905 |a 302 
901 |a 0500131936  |b IT2  |c DVS  |i C131310  |u 20250521 
902 |a https://opac.biblio.iteso.mx/vufind/Record/000326353